000 01031nam a2200265Ia 4500
003 OSt
005 20220927103136.0
006 a|||||r|||| 00| 0
007 ta
008 220926b |||||||| |||| 00| 0 eng d
024 _a49762
037 _cReference Collections
040 _aRTL
_cRTL
_beng
041 _2eng
_aeng
082 _a"X:89P:(B).5.N7, M0/UN"
110 _a"United Nations, Economic Commission For Europe. United Nations Statistical Commission"
_9353614
245 0 _aStandardized input-output tables of ECE countries for year around 1970
260 _aNew
_bYork United Nations USA
_c1970
300 _aVarious pagination
_ccm.
490 _a"Conference on European Satatistioians Statictical Standards, and studies . 33"
650 _aProduction engineering
_9353615
700 _a"United Nations, Economic Commission For Europe. United Nations Statistical Commission"
_9353616
942 _h"X:89P:(B).5.N7, M0/UN"
_cCC
999 _c680869
_d680869